| 000 | 00626cam a2200253 4500 | ||
|---|---|---|---|
| 001 | M88986 | ||
| 008 | 090401t1997 xxu||||| |||| 00| 0 eng d | ||
| 035 | _a(Sirsi) u83385 | ||
| 041 | _aeng | ||
| 050 | _a336.271 | ||
| 110 |
_aHM Customs and Excise _93095 |
||
| 245 | _aVAT : buildings and construction. | ||
| 260 |
_aLondon _bH M Customs and Excise _c1997 |
||
| 300 | _a83p. ; 21cm. | ||
| 350 | _a0 | ||
| 490 |
_aVAT Notice _v708 |
||
| 650 | _aBUILDINGS | ||
| 650 | _aCONSTRUCTION INDUSTRY | ||
| 650 | _aVALUE ADDED TAX | ||
| 650 | _aVALUE ADDED TAX | ||
| 690 | _aTAXATION | ||
| 942 | _n0 | ||
| 948 | _c28/01/1998 | ||
| 999 |
_c96889 _d96889 |
||